| 000 | 00453nam a22001577a 4500 | ||
|---|---|---|---|
| 020 | _qHard Cover. | ||
| 082 | _a658 | ||
| 100 | _aAhmed, Toqeer | ||
| 245 |
_aWheat & Flour Mills Industry of Pakistan _cToqeer Ahmed. |
||
| 260 |
_aIslamabad: _bNBS - NUST, _c2015. |
||
| 300 |
_a50 p. : ill. ; _c30cm. |
||
| 650 |
_aMBA Thesis. _917629 |
||
| 700 |
_aMr. Umar Ahmed. _917535 |
||
| 942 |
_2ddc _cTHE |
||
| 999 |
_c527700 _d527700 |
||